[Event "FIDE WYCC 2016 U16 boys"]
[Site "Khanty Mansiysk"]
[Date "2016.09.24"]
[Round "3.2"]
[White "Martirosyan, Haik M"]
[Black "Saydaliev, Saidakbar"]
[Result "1-0"]
[WhiteElo "2470"]
[BlackElo "2403"]
[Annotator "Reinhold Goldau"]
[PlyCount "89"]
[EventDate "2016.09.??"]
[EventType "swiss"]
[EventRounds "11"]
[EventCountry "RUS"]
[SourceTitle "Youth Database"]
[Source "CBase R.Goldau"]
[SourceDate "2000.03.01"]
[TimeControl "40/5400+30:1800+30"]

1. d4 {[%emt 0:00:00]} Nf6 {[%emt 0:00:00]} 2. c4 {[%emt 0:00:00]} e6 {[%emt 0:
00:00]} 3. Nc3 {[%emt 0:00:06]} Bb4 {[%emt 0:00:00]} 4. Qc2 {[%emt 0:00:19]}
O-O {[%emt 0:00:18]} 5. a3 {[%emt 0:00:05]} Bxc3+ {[%emt 0:00:07]} 6. Qxc3 {
[%emt 0:00:03]} d6 {[%emt 0:01:09]} 7. Bg5 {[%emt 0:00:21]} Nbd7 {[%emt 0:00:
09]} 8. e3 {[%emt 0:02:23]} b6 {[%emt 0:00:10]} 9. Ne2 {[%emt 0:01:15]} c5 {
[%emt 0:00:26]} 10. dxc5 {[%emt 0:01:37]} dxc5 {[%emt 0:13:23]} 11. Qc2 {
[%emt 0:00:56]} Bb7 {[%emt 0:03:04]} 12. Nc3 {[%emt 0:00:13]} Qe7 {[%emt 0:01:
44]} 13. f3 {[%emt 0:01:40]} h6 {[%emt 0:11:09]} 14. Bh4 {[%emt 0:00:15]} Rfd8
{[%emt 0:02:02]} 15. Be2 {[%emt 0:01:59]} Nf8 {[%emt 0:06:15]} 16. O-O {
[%emt 0:02:35]} Rd7 {[%emt 0:01:19]} 17. Rfd1 {[%emt 0:05:57]} Rad8 {[%emt 0:
01:21]} 18. Bd3 {[%emt 0:04:05]} Bc6 {[%emt 0:12:58]} 19. Rd2 {[%emt 0:01:32]}
e5 {[%emt 0:00:43]} 20. Rad1 {[%emt 0:12:10]} e4 {[%emt 0:03:08]} 21. fxe4 {
[%emt 0:12:09]} g5 {[%emt 0:04:02]} 22. Be1 {[%emt 0:05:24]} Ng4 {[%emt 0:09:
14]} 23. Re2 {[%emt 0:01:09]} Ne5 {[%emt 0:02:46]} 24. Nd5 {[%emt 0:00:28]} Qe6
{[%emt 0:00:10]} 25. Bc3 {[%emt 0:01:35]} Nh7 {[%emt 0:02:20]} 26. Bxe5 {
[%emt 0:05:40]} Qxe5 {[%emt 0:00:01]} 27. Rf1 {[%emt 0:00:07]} Re8 {[%emt 0:02:
07]} 28. Ref2 {[%emt 0:03:53]} Kg7 {[%emt 0:12:47]} 29. Rf5 {[%emt 0:00:30]}
Qb8 {[%emt 0:01:26]} 30. Qc3+ {[%emt 0:00:57]} Kg8 {[%emt 0:00:34]} 31. e5 {
[%emt 0:01:49]} Re6 {[%emt 0:00:24]} 32. Be2 {[%emt 0:01:53]} Qb7 {[%emt 0:05:
56]} 33. e4 {[%emt 0:03:52]} Kg7 {[%emt 0:02:59]} 34. Bh5 {[%emt 0:00:24]} Nf8
{[%emt 0:00:11]} 35. Rxf7+ {[%emt 0:01:11]} Rxf7 {[%emt 0:00:01]} 36. Rxf7+ {
[%emt 0:00:08]} Qxf7 {[%emt 0:00:05]} 37. Bxf7 {[%emt 0:00:05]} Kxf7 {[%emt 0:
00:02]} 38. Qf3+ {[%emt 0:00:11]} Kg7 {[%emt 0:00:40]} 39. Ne7 {[%emt 0:02:59]}
Bxe4 {[%emt 0:01:55]} 40. Nf5+ {[%emt 0:00:00]} Bxf5 {[%emt 0:00:00]} 41. Qxf5
{[%emt 0:00:18]} a5 {[%emt 0:02:15]} 42. Kf2 {[%emt 0:00:37]} Kg8 {[%emt 0:08:
37]} 43. Ke3 {[%emt 0:00:45]} Re7 {[%emt 0:00:06]} 44. g3 {[%emt 0:00:46]} Nd7
{[%emt 0:00:36]} 45. Qg6+ {[%emt 0:00:15]} 1-0

[Event "FIDE WYCC 2016 U16 boys"]
[Site "Khanty Mansiysk"]
[Date "2016.09.24"]
[Round "3.3"]
[White "Triapishko, Olexandr"]
[Black "Elistratov, Semen"]
[Result "1/2-1/2"]
[WhiteElo "2458"]
[BlackElo "2371"]
[Annotator "Reinhold Goldau"]
[PlyCount "82"]
[EventDate "2016.09.??"]
[EventType "swiss"]
[EventRounds "11"]
[EventCountry "RUS"]
[SourceTitle "Youth Database"]
[Source "CBase R.Goldau"]
[SourceDate "2000.03.01"]
[TimeControl "40/5400+30:1800+30"]

1. Nf3 {[%emt 0:00:00]} d5 {[%emt 0:00:00]} 2. g3 {[%emt 0:00:00]} g6 {[%emt 0:
00:00]} 3. Bg2 {[%emt 0:00:23]} Bg7 {[%emt 0:00:00]} 4. d4 {[%emt 0:00:38]} Nf6
{[%emt 0:00:02]} 5. O-O {[%emt 0:00:28]} O-O {[%emt 0:00:07]} 6. c3 {[%emt 0:
00:29]} Nbd7 {[%emt 0:00:36]} 7. Bf4 {[%emt 0:04:57]} c5 {[%emt 0:03:04]} 8. a4
{[%emt 0:07:38]} a5 {[%emt 0:08:33]} 9. Na3 {[%emt 0:01:34]} b6 {[%emt 0:10:48]
} 10. Ne5 {[%emt 0:05:06]} Bb7 {[%emt 0:02:28]} 11. Nb5 {[%emt 0:09:03]} Nxe5 {
[%emt 0:14:35]} 12. dxe5 {[%emt 0:03:23]} Ne8 {[%emt 0:20:03]} 13. c4 {[%emt 0:
02:47]} e6 {[%emt 0:00:13]} 14. Qd2 {[%emt 0:01:46]} Qe7 {[%emt 0:02:34]} 15.
cxd5 {[%emt 0:09:07]} exd5 {[%emt 0:02:21]} 16. Bxd5 {[%emt 0:02:16]} Rd8 {
[%emt 0:02:05]} 17. Bg5 {[%emt 0:01:19]} Qxe5 {[%emt 0:03:43]} 18. Bxd8 {
[%emt 0:00:19]} Bxd5 {[%emt 0:00:02]} 19. Nc3 {[%emt 0:06:35]} Bc6 {[%emt 0:02:
28]} 20. Rad1 {[%emt 0:09:41]} Qe6 {[%emt 0:02:53]} 21. Qe3 {[%emt 0:09:06]}
Qh3 {[%emt 0:02:31]} 22. f3 {[%emt 0:00:34]} Nf6 {[%emt 0:02:35]} 23. Bxf6 {
[%emt 0:03:12]} Bxf6 {[%emt 0:00:05]} 24. Qf4 {[%emt 0:05:39]} Bg7 {[%emt 0:01:
34]} 25. Qd6 {[%emt 0:01:26]} Rc8 {[%emt 0:02:12]} 26. Nb5 {[%emt 0:05:05]}
Bxb5 {[%emt 0:04:30]} 27. axb5 {[%emt 0:00:06]} Bd4+ {[%emt 0:00:23]} 28. Rxd4
{[%emt 0:05:48]} cxd4 {[%emt 0:00:03]} 29. g4 {[%emt 0:00:26]} Re8 {[%emt 0:04:
53]} 30. Rf2 {[%emt 0:00:54]} Rc8 {[%emt 0:01:43]} 31. Rf1 {[%emt 0:01:29]} Re8
{[%emt 0:00:47]} 32. Rf2 {[%emt 0:01:27]} Rc8 {[%emt 0:02:21]} 33. Rf1 {
[%emt 0:00:13]} Re8 {[%emt 0:00:22]} 34. Rf2 {[%emt 0:00:07]} Rc8 {[%emt 0:00:
29]} 35. Rf1 {[%emt 0:00:06]} Re8 {[%emt 0:00:05]} 36. Rf2 {[%emt 0:00:04]} Rc8
{[%emt 0:00:03]} 37. Rf1 {[%emt 0:00:06]} Re8 {[%emt 0:00:02]} 38. Rf2 {
[%emt 0:00:07]} Rc8 {[%emt 0:00:11]} 39. Rf1 {[%emt 0:00:03]} Re8 {[%emt 0:00:
02]} 40. Rf2 {[%emt 0:00:00]} Rc8 {[%emt 0:00:00]} 41. Rf1 {[%emt 0:00:13]} Re8
{[%emt 0:00:03]} 1/2-1/2

[Event "FIDE WYCC 2016 U16 boys"]
[Site "Khanty Mansiysk"]
[Date "2016.09.24"]
[Round "3.4"]
[White "Urban, Konstantin"]
[Black "Fawzy, Adham"]
[Result "1-0"]
[WhiteElo "2361"]
[BlackElo "2451"]
[Annotator "Reinhold Goldau"]
[PlyCount "81"]
[EventDate "2016.09.??"]
[EventType "swiss"]
[EventRounds "11"]
[EventCountry "RUS"]
[SourceTitle "Youth Database"]
[Source "CBase R.Goldau"]
[SourceDate "2000.03.01"]
[TimeControl "40/5400+30:1800+30"]

1. e4 {[%emt 0:00:00]} c5 {[%emt 0:00:00]} 2. Nf3 {[%emt 0:00:00]} Nc6 {
[%emt 0:00:00]} 3. d4 {[%emt 0:00:00]} cxd4 {[%emt 0:00:00]} 4. Nxd4 {[%emt 0:
00:00]} e5 {[%emt 0:00:03]} 5. Nb5 {[%emt 0:00:18]} d6 {[%emt 0:00:06]} 6. N1c3
{[%emt 0:00:12]} a6 {[%emt 0:00:11]} 7. Na3 {[%emt 0:00:06]} b5 {[%emt 0:00:02]
} 8. Nd5 {[%emt 0:00:15]} Nce7 {[%emt 0:00:02]} 9. c4 {[%emt 0:00:22]} Nxd5 {
[%emt 0:00:02]} 10. exd5 {[%emt 0:00:25]} bxc4 {[%emt 0:00:11]} 11. Nxc4 {
[%emt 0:00:07]} Nf6 {[%emt 0:00:53]} 12. Be3 {[%emt 0:00:21]} Rb8 {[%emt 0:00:
12]} 13. Be2 {[%emt 0:00:15]} Be7 {[%emt 0:00:24]} 14. a4 {[%emt 0:00:18]} O-O
{[%emt 0:00:33]} 15. O-O {[%emt 0:00:19]} Bb7 {[%emt 0:00:39]} 16. Nb6 {
[%emt 0:00:13]} Nd7 {[%emt 0:00:03]} 17. a5 {[%emt 0:00:09]} f5 {[%emt 0:00:34]
} 18. f3 {[%emt 0:00:21]} Nf6 {[%emt 0:06:49]} 19. Bc4 {[%emt 0:11:40]} Qe8 {
[%emt 0:04:37]} 20. Qe2 {[%emt 0:11:50]} Bd8 {[%emt 0:02:25]} 21. Rad1 {
[%emt 0:23:45]} Qf7 {[%emt 0:14:56]} 22. Bxa6 {[%emt 0:08:35]} Bxb6 {[%emt 0:
07:07]} 23. Bxb6 {[%emt 0:00:11]} Bxa6 {[%emt 0:04:18]} 24. Qxa6 {[%emt 0:00:
02]} Nxd5 {[%emt 0:00:20]} 25. Bf2 {[%emt 0:00:42]} Rxb2 {[%emt 0:08:57]} 26.
Qxd6 {[%emt 0:01:44]} Nc3 {[%emt 0:00:20]} 27. Rd2 {[%emt 0:10:49]} Rb5 {
[%emt 0:05:22]} 28. Qc6 {[%emt 0:06:59]} Qb3 {[%emt 0:15:43]} 29. a6 {[%emt 0:
02:28]} Ra5 {[%emt 0:06:39]} 30. Rd7 {[%emt 0:02:46]} Kh8 {[%emt 0:06:47]} 31.
Qc7 {[%emt 0:07:26]} Ne2+ {[%emt 0:12:06]} 32. Kh1 {[%emt 0:00:01]} Qc3 {
[%emt 0:00:15]} 33. Rd8 {[%emt 0:06:56]} Kg8 {[%emt 0:03:23]} 34. Rxf8+ {
[%emt 0:01:02]} Kxf8 {[%emt 0:00:01]} 35. Qd8+ {[%emt 0:00:12]} Kf7 {[%emt 0:
00:01]} 36. Qd7+ {[%emt 0:00:26]} Kg6 {[%emt 0:01:44]} 37. Qe6+ {[%emt 0:03:38]
} Kg5 {[%emt 0:00:53]} 38. Be1 {[%emt 0:00:55]} Qa1 {[%emt 0:01:39]} 39. h4+ {
[%emt 0:00:55]} Kf4 {[%emt 0:00:23]} 40. Qc4+ {[%emt 0:00:00]} e4 {[%emt 0:00:
00]} 41. Qxe2 {[%emt 0:01:55]} 1-0

[Event "FIDE WYCC 2016 U16 boys"]
[Site "Khanty Mansiysk"]
[Date "2016.09.24"]
[Round "3.5"]
[White "Lobanov, Sergei"]
[Black "Lodici, Lorenzo"]
[Result "1/2-1/2"]
[WhiteElo "2432"]
[BlackElo "2359"]
[Annotator "Reinhold Goldau"]
[PlyCount "32"]
[EventDate "2016.09.??"]
[EventType "swiss"]
[EventRounds "11"]
[EventCountry "RUS"]
[SourceTitle "Youth Database"]
[Source "CBase R.Goldau"]
[SourceDate "2000.03.01"]

1. e4 e5 2. Nf3 Nc6 3. Bb5 Nf6 4. d3 d6 5. c3 g6 6. O-O Bg7 7. Nbd2 O-O 8. d4
Bd7 9. dxe5 Nxe5 10. Bxd7 Nxf3+ 11. Nxf3 Qxd7 12. Re1 Rfe8 13. Qc2 Re7 14. Bg5
Rae8 15. Bxf6 Bxf6 16. Re3 Qc6 1/2-1/2

[Event "FIDE WYCC 2016 U16 boys"]
[Site "Khanty Mansiysk"]
[Date "2016.09.24"]
[Round "3.6"]
[White "Tiglon, Bryce"]
[Black "Gazik, Viktor"]
[Result "0-1"]
[WhiteElo "2292"]
[BlackElo "2429"]
[Annotator "Reinhold Goldau"]
[PlyCount "70"]
[EventDate "2016.09.??"]
[EventType "swiss"]
[EventRounds "11"]
[EventCountry "RUS"]
[SourceTitle "Youth Database"]
[Source "CBase R.Goldau"]
[SourceDate "2000.03.01"]

1. e4 c5 2. Nf3 Nc6 3. d4 cxd4 4. Nxd4 g6 5. c4 Bg7 6. Be3 Nf6 7. Nc3 Ng4 8.
Qxg4 Nxd4 9. Qd1 Ne6 10. Rc1 b6 11. g3 Bb7 12. Bg2 O-O 13. O-O Rc8 14. b3 d6
15. Qd2 Nc5 16. Rfd1 Qd7 17. Bd4 Bxd4 18. Qxd4 Rfd8 19. f4 e5 20. Qf2 exf4 21.
Qxf4 Qe7 22. Nd5 Bxd5 23. Rxd5 Ne6 24. Qd2 Rc5 25. h3 Ng5 26. b4 Rcc8 27. Rd4
f6 28. h4 Nf7 29. Rd5 Kg7 30. a4 Ne5 31. Qd4 Rc6 32. a5 Qc7 33. Kh2 Rxc4 34.
axb6 axb6 35. Rxc4 Nxc4 0-1

[Event "FIDE WYCC 2016 U16 boys"]
[Site "Khanty Mansiysk"]
[Date "2016.09.24"]
[Round "3.7"]
[White "Fakhrutdinov, Timur"]
[Black "Agmanov, Zhandos"]
[Result "1/2-1/2"]
[WhiteElo "2419"]
[BlackElo "2316"]
[Annotator "Reinhold Goldau"]
[PlyCount "54"]
[EventDate "2016.09.??"]
[EventType "swiss"]
[EventRounds "11"]
[EventCountry "RUS"]
[SourceTitle "Youth Database"]
[Source "CBase R.Goldau"]
[SourceDate "2000.03.01"]

1. e4 c5 2. Nf3 e6 3. d4 cxd4 4. Nxd4 a6 5. Nc3 Qc7 6. Be2 Nf6 7. O-O Nc6 8.
Be3 Be7 9. f4 d6 10. Qe1 O-O 11. Qg3 Bd7 12. Rae1 b5 13. a3 Rab8 14. Nb3 b4 15.
axb4 Nxb4 16. Bd1 Kh8 17. f5 e5 18. Qf2 d5 19. exd5 Nbxd5 20. Nxd5 Nxd5 21. Bc5
Bb5 22. Bxe7 Nxe7 23. f6 Ng6 24. fxg7+ Kxg7 25. Qf6+ Kg8 26. Rf2 Qb6 27. Qxb6
Rxb6 1/2-1/2

[Event "FIDE WYCC 2016 U16 boys"]
[Site "Khanty Mansiysk"]
[Date "2016.09.24"]
[Round "3.8"]
[White "Maghsoodloo, Parham"]
[Black "Ozen, Bahadir"]
[Result "1/2-1/2"]
[WhiteElo "2566"]
[BlackElo "2304"]
[Annotator "Reinhold Goldau"]
[PlyCount "36"]
[EventDate "2016.09.??"]
[EventType "swiss"]
[EventRounds "11"]
[EventCountry "RUS"]
[SourceTitle "Youth Database"]
[Source "CBase R.Goldau"]
[SourceDate "2000.03.01"]

1. d4 d5 2. c4 e6 3. Nf3 Nf6 4. g3 Bb4+ 5. Bd2 Bd6 6. Bg2 Nbd7 7. O-O c6 8. Qc2
O-O 9. Bf4 Bxf4 10. gxf4 b6 11. Rd1 Ba6 12. Nbd2 Qe7 13. Qa4 Bb7 14. Rac1 c5
15. Ne5 cxd4 16. cxd5 Nc5 17. Qxd4 Bxd5 18. Bxd5 exd5 1/2-1/2

[Event "FIDE WYCC 2016 U16 boys"]
[Site "Khanty Mansiysk"]
[Date "2016.09.24"]
[Round "3.9"]
[White "Makhnyov, Denis"]
[Black "Moroni, Luca Jr"]
[Result "0-1"]
[WhiteElo "2375"]
[BlackElo "2459"]
[Annotator "Reinhold Goldau"]
[PlyCount "58"]
[EventDate "2016.09.??"]
[EventType "swiss"]
[EventRounds "11"]
[EventCountry "RUS"]
[SourceTitle "Youth Database"]
[Source "CBase R.Goldau"]
[SourceDate "2000.03.01"]

1. d4 Nf6 2. c4 e6 3. Nf3 Bb4+ 4. Bd2 Qe7 5. g3 Bxd2+ 6. Qxd2 Nc6 7. Nc3 d5 8.
Bg2 dxc4 9. Ne5 O-O 10. Nxc6 bxc6 11. Bxc6 Rb8 12. O-O Rd8 13. Rfd1 e5 14. d5
e4 15. Qd4 Rxb2 16. Qxa7 Bf5 17. a4 h5 18. Qd4 Ng4 19. a5 h4 20. a6 Qg5 21. h3
hxg3 22. fxg3 Ne3 23. Kf2 Nc2 24. Nxe4 Qh6 25. Qd2 Qxh3 26. Qf4 Qh2+ 27. Kf3
Nxa1 28. Nf2 Rb3+ 29. e3 Rb2 0-1

[Event "FIDE WYCC 2016 U16 boys"]
[Site "Khanty Mansiysk"]
[Date "2016.09.24"]
[Round "3.10"]
[White "Carnicelli, Valerio"]
[Black "Sorokin, Aleksey"]
[Result "0-1"]
[WhiteElo "2329"]
[BlackElo "2437"]
[Annotator "Reinhold Goldau"]
[PlyCount "76"]
[EventDate "2016.09.??"]
[EventType "swiss"]
[EventRounds "11"]
[EventCountry "RUS"]
[SourceTitle "Youth Database"]
[Source "CBase R.Goldau"]
[SourceDate "2000.03.01"]

1. e4 c5 2. Nf3 d6 3. d4 cxd4 4. Nxd4 Nf6 5. Nc3 a6 6. f3 e5 7. Nb3 Be6 8. Be3
h5 9. Qd2 Nbd7 10. Nd5 Bxd5 11. exd5 g6 12. c4 b6 13. Be2 Bg7 14. O-O O-O 15.
Rac1 Re8 16. Na1 e4 17. f4 Ng4 18. Bxg4 hxg4 19. f5 Qf6 20. fxg6 Qxg6 21. Nb3
Nc5 22. Nxc5 bxc5 23. g3 a5 24. Rc2 a4 25. Qd1 Reb8 26. Rcf2 Rxb2 27. Rxf7 Rxa2
28. R7f4 Ra1 29. Qxg4 Rxf1+ 30. Kxf1 Qxg4 31. Rxg4 Kh7 32. Rh4+ Kg6 33. Rg4+
Kf7 34. Rf4+ Bf6 35. Bd2 Kg7 36. Rg4+ Kh7 37. Rf4 Bg5 38. Rf2 e3 0-1

[Event "FIDE WYCC 2016 U16 boys"]
[Site "Khanty Mansiysk"]
[Date "2016.09.24"]
[Round "3.11"]
[White "Janik, Igor"]
[Black "Gholami, Aryan"]
[Result "1-0"]
[WhiteElo "2322"]
[BlackElo "2435"]
[Annotator "Reinhold Goldau"]
[PlyCount "37"]
[EventDate "2016.09.??"]
[EventType "swiss"]
[EventRounds "11"]
[EventCountry "RUS"]
[SourceTitle "Youth Database"]
[Source "CBase R.Goldau"]
[SourceDate "2000.03.01"]

1. e4 c5 2. Nf3 e6 3. g3 d5 4. exd5 exd5 5. d4 Nc6 6. Bg2 Bg4 7. O-O Nf6 8.
Re1+ Be7 9. dxc5 O-O 10. Nbd2 Bxc5 11. Nb3 Bb6 12. h3 Bh5 13. g4 Bg6 14. Be3
Ne4 15. Bxb6 Qxb6 16. Re2 Rad8 17. Nfd4 h5 18. c3 hxg4 19. hxg4 1-0

[Event "FIDE WYCC 2016 U16 boys"]
[Site "Khanty Mansiysk"]
[Date "2016.09.24"]
[Round "3.12"]
[White "Costachi, Mihnea"]
[Black "Mustafin, Andrey"]
[Result "1/2-1/2"]
[WhiteElo "2420"]
[BlackElo "2242"]
[Annotator "Reinhold Goldau"]
[PlyCount "74"]
[EventDate "2016.09.??"]
[EventType "swiss"]
[EventRounds "11"]
[EventCountry "RUS"]
[SourceTitle "Youth Database"]
[Source "CBase R.Goldau"]
[SourceDate "2000.03.01"]

1. d4 Nf6 2. c4 g6 3. Nc3 Bg7 4. e4 d6 5. Be2 O-O 6. Bg5 c5 7. d5 a6 8. a4 Qa5
9. Bd2 e6 10. Nf3 exd5 11. cxd5 Bg4 12. O-O Bxf3 13. Bxf3 Nbd7 14. Be2 Qc7 15.
Re1 Rfe8 16. Bf1 c4 17. Qc2 Rac8 18. Bf4 Ne5 19. Bxe5 Rxe5 20. a5 Ree8 21. Ra4
Nd7 22. h3 Ne5 23. f4 Nd3 24. Bxd3 cxd3 25. Qxd3 Bxc3 26. bxc3 Qxc3 27. Qxc3
Rxc3 28. Kf2 Rc5 29. Rb1 Re7 30. Rb6 f5 31. exf5 Rxd5 32. fxg6 hxg6 33. Rab4
Kf7 34. g4 Rd2+ 35. Kg3 Rd3+ 36. Kf2 Rd2+ 37. Kg3 Rd3+ 1/2-1/2

[Event "FIDE WYCC 2016 U16 boys"]
[Site "Khanty Mansiysk"]
[Date "2016.09.24"]
[Round "3.13"]
[White "Mesaros, Florian"]
[Black "Nikitenko, Mihail"]
[Result "1-0"]
[WhiteElo "2321"]
[BlackElo "2399"]
[Annotator "Reinhold Goldau"]
[PlyCount "129"]
[EventDate "2016.09.??"]
[EventType "swiss"]
[EventRounds "11"]
[EventCountry "RUS"]
[SourceTitle "Youth Database"]
[Source "CBase R.Goldau"]
[SourceDate "2000.03.01"]

1. Nf3 Nf6 2. c4 g6 3. Nc3 Bg7 4. e4 d6 5. d4 O-O 6. Be2 e5 7. O-O Nbd7 8. Be3
Qe7 9. dxe5 dxe5 10. Qc2 c6 11. Rab1 Nh5 12. g3 Re8 13. b4 Nf8 14. c5 Bg4 15.
Nd2 Bxe2 16. Nxe2 Ne6 17. Nc4 Rf8 18. Rbd1 Rad8 19. Rxd8 Rxd8 20. Rd1 Nf6 21.
f3 Rxd1+ 22. Qxd1 Qd7 23. Qb3 Ne8 24. Kg2 h5 25. Nc1 Kh7 26. Qd3 Qc7 27. Nb3
Bh6 28. Bf2 h4 29. a4 hxg3 30. hxg3 Qe7 31. Nxe5 Qg5 32. Ng4 Bg7 33. Qd7 Nf6
34. Qxf7 Nxg4 35. Qxe6 Nxf2 36. Kxf2 Bc3 37. Qc4 Bg7 38. Qf7 Qh6 39. Kg2 Qe3
40. Qc4 Bc3 41. b5 Be1 42. Qf7+ Kh8 43. Qe8+ Kh7 44. Qe7+ Kh6 45. Qe5 Kh7 46.
Nd4 Qd2+ 47. Kh3 Qh6+ 48. Kg4 Bc3 49. Qc7+ Kg8 50. Qb8+ Kf7 51. Qxb7+ Kg8 52.
Qa8+ Kf7 53. Qxa7+ Kf6 54. e5+ Kxe5 55. Nxc6+ Kd5 56. Qf7+ Kxc5 57. Qe7+ Kc4
58. Qg5 Qh7 59. Ne5+ Kb3 60. Qxg6 Qh8 61. Qe6+ Ka3 62. Ng6 Qd4+ 63. f4 Ba5 64.
Qc6 Bd8 65. Ne5 1-0

[Event "FIDE WYCC 2016 U16 boys"]
[Site "Khanty Mansiysk"]
[Date "2016.09.24"]
[Round "3.14"]
[White "Raghunandan, Kaumandur Srihari"]
[Black "Tran, Minh Thang"]
[Result "0-1"]
[WhiteElo "2451"]
[BlackElo "2293"]
[Annotator "Reinhold Goldau"]
[PlyCount "78"]
[EventDate "2016.09.??"]
[EventType "swiss"]
[EventRounds "11"]
[EventCountry "RUS"]
[SourceTitle "Youth Database"]
[Source "CBase R.Goldau"]
[SourceDate "2000.03.01"]

1. e4 c5 2. Nf3 e6 3. d4 cxd4 4. Nxd4 a6 5. Nc3 d6 6. Be2 Nf6 7. O-O Be7 8. a4
Qc7 9. f4 Nbd7 10. Bf3 Nb6 11. Qd3 g6 12. b3 e5 13. Nde2 Nbd7 14. Bb2 O-O 15.
Kh1 Rb8 16. h3 Nc5 17. Qe3 b5 18. axb5 axb5 19. Rfd1 b4 20. Nd5 Nxd5 21. exd5
f6 22. g4 Bd7 23. Ng3 Rf7 24. Ne4 Nxe4 25. Bxe4 f5 26. gxf5 Bxf5 27. fxe5 dxe5
28. Bxf5 Rxf5 29. Qe4 Bd6 30. Ra6 Rf4 31. Qg2 Rbf8 32. Rc6 Qd7 33. Kg1 Qa7+ 34.
Kh1 Rf2 35. Qg4 Rf1+ 36. Rxf1 Rxf1+ 37. Kh2 Qf2+ 38. Qg2 Qf4+ 39. Qg3 Rf2+ 0-1

[Event "FIDE WYCC 2016 U16 boys"]
[Site "Khanty Mansiysk"]
[Date "2016.09.24"]
[Round "3.15"]
[White "Livaic, Leon"]
[Black "Turar, Dastan"]
[Result "1-0"]
[WhiteElo "2436"]
[BlackElo "2205"]
[Annotator "Reinhold Goldau"]
[PlyCount "73"]
[EventDate "2016.09.??"]
[EventType "swiss"]
[EventRounds "11"]
[EventCountry "RUS"]
[SourceTitle "Youth Database"]
[Source "CBase R.Goldau"]
[SourceDate "2000.03.01"]

1. d4 Nf6 2. c4 g6 3. Nc3 Bg7 4. e4 d6 5. f3 O-O 6. Bg5 Nc6 7. Nge2 a6 8. Qd2
Na5 9. Nc1 Nd7 10. Nb3 Nxb3 11. axb3 c5 12. d5 f6 13. Be3 Qb6 14. Ra3 f5 15.
exf5 gxf5 16. Be2 Qb4 17. Bh6 f4 18. Bxg7 Kxg7 19. h4 Ne5 20. h5 Bd7 21. Rh4 b5
22. Rxf4 Rxf4 23. Qxf4 bxc4 24. h6+ Kg6 25. Qh4 Nd3+ 26. Kf1 Nxb2 27. Qg3+ Bg4
28. Qxg4+ Kf7 29. Qg7+ Ke8 30. Qg8+ Kd7 31. Qxa8 Qxa3 32. Qb7+ Kd8 33. Qb8+ Kd7
34. f4 Qa1+ 35. Nd1 e5 36. Bg4+ Ke7 37. Qc7+ 1-0

[Event "FIDE WYCC 2016 U16 boys"]
[Site "Khanty Mansiysk"]
[Date "2016.09.24"]
[Round "3.16"]
[White "Den Hartog, Marijn"]
[Black "Tahbaz, Arash"]
[Result "0-1"]
[WhiteElo "2190"]
[BlackElo "2420"]
[Annotator "Reinhold Goldau"]
[PlyCount "82"]
[EventDate "2016.09.??"]
[EventType "swiss"]
[EventRounds "11"]
[EventCountry "RUS"]
[SourceTitle "Youth Database"]
[Source "CBase R.Goldau"]
[SourceDate "2000.03.01"]

1. e4 c5 2. Nf3 e6 3. d4 cxd4 4. Nxd4 Nf6 5. Nc3 d6 6. g4 h6 7. h4 Nc6 8. Rg1
h5 9. gxh5 Nxh5 10. Bg5 Nf6 11. Qd2 Qb6 12. Nb3 a6 13. Be2 Qc7 14. h5 b5 15. a3
Nd7 16. f4 Bb7 17. f5 Nde5 18. fxe6 fxe6 19. h6 g6 20. Rf1 Be7 21. Bxb5 Bxg5
22. Bxc6+ Bxc6 23. Qxg5 Qe7 24. Qg3 Rxh6 25. O-O-O O-O-O 26. Qe3 Rh7 27. Rd4
Qc7 28. Rfd1 Rg7 29. Nc5 Re7 30. Nxa6 Qb6 31. Qe2 Bb7 32. Nb4 g5 33. Nb5 Red7
34. a4 g4 35. Qe3 Kb8 36. Qf4 Nf3 37. Rxd6 Rxd6 38. Nxd6 Ka8 39. e5 g3 40. Qxg3
Qe3+ 41. Kb1 Nd2+ 0-1

[Event "FIDE WYCC 2016 U16 boys"]
[Site "Khanty Mansiysk"]
[Date "2016.09.24"]
[Round "3.17"]
[White "Pultinevicius, Paulius"]
[Black "Anaskin, Arsenij"]
[Result "1-0"]
[WhiteElo "2351"]
[BlackElo "2153"]
[Annotator "Reinhold Goldau"]
[PlyCount "53"]
[EventDate "2016.09.??"]
[EventType "swiss"]
[EventRounds "11"]
[EventCountry "RUS"]
[SourceTitle "Youth Database"]
[Source "CBase R.Goldau"]
[SourceDate "2000.03.01"]

1. d4 Nf6 2. c4 e6 3. Nf3 Bb4+ 4. Nbd2 O-O 5. a3 Be7 6. e4 d5 7. Qc2 c5 8. dxc5
Bxc5 9. b4 Be7 10. Bd3 g6 11. O-O b6 12. cxd5 exd5 13. e5 Nh5 14. Nb3 Ng7 15.
Nfd4 Bd7 16. Bh6 Re8 17. f4 f5 18. Bxg7 Kxg7 19. g4 fxg4 20. f5 Bg5 21. f6+ Kf7
22. Rae1 Qc8 23. e6+ Bxe6 24. Nxe6 Bxf6 25. Rxf6+ Kxf6 26. Qf2+ Ke7 27. Ng7+
1-0

[Event "FIDE WYCC 2016 U16 boys"]
[Site "Khanty Mansiysk"]
[Date "2016.09.24"]
[Round "3.18"]
[White "Zamar Kodelja, Jurij"]
[Black "Mirzoyan, David"]
[Result "0-1"]
[WhiteElo "2126"]
[BlackElo "2322"]
[Annotator "Reinhold Goldau"]
[PlyCount "124"]
[EventDate "2016.09.??"]
[EventType "swiss"]
[EventRounds "11"]
[EventCountry "RUS"]
[SourceTitle "Youth Database"]
[Source "CBase R.Goldau"]
[SourceDate "2000.03.01"]

1. d4 Nf6 2. c4 e6 3. Nc3 Bb4 4. e3 b6 5. Bd3 Bb7 6. Nf3 O-O 7. O-O d5 8. cxd5
exd5 9. a3 Bd6 10. Nb5 Be7 11. Qc2 a6 12. Nc3 Nbd7 13. b4 Bd6 14. Bb2 Qe7 15.
Ne2 Ne4 16. Rac1 Rac8 17. Ng3 f5 18. Qe2 b5 19. Nd2 Nxd2 20. Qxd2 g6 21. f4 Nb6
22. Rce1 Rce8 23. Qc2 Nc4 24. Bxc4 bxc4 25. Qa4 Bc8 26. Qa5 Qf7 27. Rf3 Bd7 28.
Ne2 Ra8 29. Nc3 Bc6 30. a4 Rfb8 31. Ba3 Ra7 32. Rf2 Ba8 33. Nb5 axb5 34. Qxa7
Qe8 35. axb5 Rxb5 36. Qa4 Bc6 37. Qc2 Rb8 38. Qc3 Ba4 39. Rb2 Qb5 40. Reb1 Kg7
41. h3 Re8 42. Re1 h6 43. g4 fxg4 44. hxg4 Bb3 45. e4 Bxf4 46. Rf2 Bg5 47. e5
Bh4 48. Ref1 Bxf2+ 49. Rxf2 Bd1 50. Qe3 Qd7 51. Rg2 g5 52. Bc1 Qe6 53. Qe1 Ba4
54. Be3 Rf8 55. Bd2 Bd7 56. Qe2 Qf7 57. Kh2 Be6 58. b5 Qf3 59. Bb4 Rf4 60. Qa2
Rxg4 61. Rxg4 Bxg4 62. Be7 Qf4+ 0-1

[Event "FIDE WYCC 2016 U16 boys"]
[Site "Khanty Mansiysk"]
[Date "2016.09.24"]
[Round "3.19"]
[White "German, Nikita"]
[Black "Poleg, Dan"]
[Result "1/2-1/2"]
[WhiteElo "2106"]
[BlackElo "2321"]
[Annotator "Reinhold Goldau"]
[PlyCount "48"]
[EventDate "2016.09.??"]
[EventType "swiss"]
[EventRounds "11"]
[EventCountry "RUS"]
[SourceTitle "Youth Database"]
[Source "CBase R.Goldau"]
[SourceDate "2000.03.01"]

1. e4 e5 2. Nf3 Nc6 3. Bb5 g6 4. d4 exd4 5. Nxd4 Bg7 6. Nxc6 bxc6 7. Bc4 Ne7 8.
Nc3 O-O 9. O-O d6 10. Re1 Rb8 11. Bb3 Be6 12. Bg5 h6 13. Bh4 g5 14. Bg3 Ng6 15.
Qd3 Qc8 16. Rab1 Re8 17. Ne2 c5 18. Nc3 Ne5 19. Bxe5 Bxe5 20. Nd5 Bg7 21. Kh1
Qd7 22. Ne3 Qe7 23. Nd5 Qd8 24. f4 gxf4 1/2-1/2